[Event "Poznan op 28th"]
[Site "Poznan"]
[Date "2021.08.20"]
[Round "7"]
[White "Miedziak, Mikolaj"]
[Black "Nowak, Samuel"]
[Result "1/2-1/2"]
[WhiteElo "1181"]
[BlackElo "1054"]
[PlyCount "71"]
[EventDate "2021.08.15"]
[EventType "swiss"]
[EventRounds "9"]
[EventCountry "POL"]
[SourceTitle "CBM 203 Extra"]
[Source "ChessBase"]
[SourceDate "2021.09.30"]
[SourceVersion "1"]
[SourceVersionDate "2021.09.30"]
[SourceQuality "1"]

1. e4 c6 2. d4 d5 3. Nc3 dxe4 4. Nxe4 Bf5 5. Ng3 Bg6 6. Nf3 Nd7 7. h4 h6 8. h5 Bh7 9. Bd3 Bxd3 10. Qxd3 e6 11. Bd2 Ngf6 12. 0-0-0 Be7 13. Kb1 b5 14. Ne4 Nxe4 15. Qxe4 Qc7 16. Bf4 Nf6 17. Qe3 Bd6 18. Bxd6 Qxd6 19. Qe5 Qxe5 20. Nxe5 Rc8 21. f3 Ke7 22. Rd3 Nd5 23. Ra3 Rc7 24. c4 bxc4 25. Rxa7 Rxa7 26. Nxc6+ Kf6 27. Nxa7 Nf4 28. g4 Ne2 29. Rd1 Rd8 30. Nb5 Rd5 31. Nc3 Rxd4 32. Rxd4 Nxd4 33. f4 g6 34. hxg6 fxg6 35. a4 h5 36. Ne4+ 1/2-1/2